<?xml version="1.0" encoding="UTF-8"?>
<record
    xmlns:xsi="http://www.w3.org/2001/XMLSchema-instance"
    xsi:schemaLocation="http://www.loc.gov/MARC21/slim http://www.loc.gov/standards/marcxml/schema/MARC21slim.xsd"
    xmlns="http://www.loc.gov/MARC21/slim">

  <leader>00442pam a2200121a 44500</leader>
  <controlfield tag="008">230405s2007    xxu||||| |||| 00| 0 eng d</controlfield>
  <datafield tag="041" ind1=" " ind2=" ">
    <subfield code="a">MAR</subfield>
  </datafield>
  <datafield tag="100" ind1=" " ind2=" ">
    <subfield code="a">&#x921;&#x949; &#x938;&#x94C; &#x926;&#x940;&#x92A;&#x93E; &#x926;&#x93F;&#x928;&#x947;&#x936; &#x938;&#x93E;&#x935;&#x933;&#x947;</subfield>
  </datafield>
  <datafield tag="245" ind1=" " ind2=" ">
    <subfield code="a">&#x92E;&#x930;&#x93E;&#x920;&#x940;&#x915;&#x93E;&#x932;&#x940;&#x928; &#x926;&#x93E;&#x917;&#x926;&#x93E;&#x917;&#x93F;&#x928;&#x947; &#x906;&#x923;&#x93F; &#x905;&#x932;&#x902;&#x915;&#x93E;&#x930;</subfield>
  </datafield>
  <datafield tag="260" ind1=" " ind2=" ">
    <subfield code="a">&#x914;&#x930;&#x902;&#x917;&#x93E;&#x92C;&#x93E;&#x926;</subfield>
    <subfield code="b">&#x915;&#x948;&#x932;&#x93E;&#x936; &#x92A;&#x92C;&#x94D;&#x932;&#x93F;&#x915;&#x947;&#x936;&#x928;</subfield>
    <subfield code="c">2007</subfield>
  </datafield>
  <datafield tag="300" ind1=" " ind2=" ">
    <subfield code="a">352</subfield>
  </datafield>
  <datafield tag="906" ind1=" " ind2=" ">
    <subfield code="a">9367</subfield>
  </datafield>
  <datafield tag="999" ind1=" " ind2=" ">
    <subfield code="c">299866</subfield>
    <subfield code="d">299866</subfield>
  </datafield>
  <datafield tag="952" ind1=" " ind2=" ">
    <subfield code="0">0</subfield>
    <subfield code="1">0</subfield>
    <subfield code="4">0</subfield>
    <subfield code="7">0</subfield>
    <subfield code="8">C</subfield>
    <subfield code="a">KVK</subfield>
    <subfield code="b">KVK</subfield>
    <subfield code="c">13</subfield>
    <subfield code="d">2011-06-15</subfield>
    <subfield code="e">&#x91A;&#x94C;&#x924;&#x928;&#x94D;&#x92F; &#x92A;&#x94D;&#x930;&#x915;&#x93E;&#x936;&#x928;</subfield>
    <subfield code="g">400.00</subfield>
    <subfield code="l">0</subfield>
    <subfield code="p">KVK-XITH00774</subfield>
    <subfield code="r">2023-04-18 00:00:00</subfield>
    <subfield code="w">2023-04-18</subfield>
    <subfield code="y">BK</subfield>
  </datafield>
</record>
